000 00556nam a22001577a 4500
003 NUST
082 _a621
100 _aHassan ,Rana Mehmood Ul
_9122381
245 _aOnline Technique of Measuring Real Time Friction in Engine Valve Train /
_cRana Mehmood Ul Hassan
264 _aIslamabad:
_bSMME- NUST.
_c2020.
300 _a69p. ;
_bSoft Copy,
_c30cm.
650 _aMS Mechanical Engineering
_9119495
700 _aSupervisor : Dr. Riaz Ahmed Mufti
_9122303
856 _uhttp://10.250.8.41:8080/xmlui/handle/123456789/25859
942 _2ddc
_cTHE
999 _c608875
_d608875